ՀՀ Գիտությունների ազգային ակադեմիայի հիմնարար գիտական գրադարան  =   Fundamental Scientific Library of NAS RA

Քսանամյան : (Record no. 143659)

MARC details
000 -LEADER
fixed length control field 00797nam a2200193 a 4500
001 - CONTROL NUMBER
control field 000375967
003 - CONTROL NUMBER IDENTIFIER
control field AM-YeHGA
005 - DATE AND TIME OF LATEST TRANSACTION
control field 20250618072306.0
008 - FIXED-LENGTH DATA ELEMENTS--GENERAL INFORMATION
fixed length control field 041101s1938 ai 000 | arm d
040 ## - CATALOGING SOURCE
Original cataloging agency AM-YeHGA
041 1# - LANGUAGE CODE
Language code of text/sound track or separate title arm
Language code of original rus
090 ## - LOCALLY ASSIGNED LC-TYPE CALL NUMBER (OCLC); LOCAL CALL NUMBER (RLIN)
-- 145040
245 10 - TITLE STATEMENT
Title Քսանամյան :
Remainder of title (Ժամանակակից բալլադ) /
Statement of responsibility, etc. Ս. Մարշակ; Ռուս. փոխադր.՝ Հ. Պողոսյան; Նկ.՝ Գ. Բրուտյան.
260 ## - PUBLICATION, DISTRIBUTION, ETC.
Place of publication, distribution, etc. Յերևան :
Name of publisher, distributor, etc. Պետհրատ,
Date of publication, distribution, etc. 1938.
300 ## - PHYSICAL DESCRIPTION
Extent 16 էջ :
Other physical details նկ. ;
Dimensions 18 սմ.
650 14 - SUBJECT ADDED ENTRY--TOPICAL TERM
Topical term or geographic name entry element Ռուս մանկական գրականություն
General subdivision Պոեզիա
700 1# - ADDED ENTRY--PERSONAL NAME
Personal name Պողոսյան, Հռիփսիմե Միսակի,
Dates associated with a name 1899-1972
Relator term փոխադր.
Relationship trl
9 (RLIN) 1962
700 1# - ADDED ENTRY--PERSONAL NAME
Personal name Բրուտյան, Գևորգ Արշակի,
Dates associated with a name 1888-1952
Relator term նկ.
Relationship art
Holdings
Withdrawn status Lost status Damaged status Not for loan Collection Home library Current library Date acquired Total checkouts Full call number Barcode Date last seen Cost, replacement price Price effective from Koha item type Public note
        General Fundamental Scientific Library Fundamental Scientific Library 22/12/2016   AI/2332 FL0035841 22/12/2016 60.00 22/12/2016 Գրքեր / Books 30 Days Loan
        General Fundamental Scientific Library Fundamental Scientific Library 22/12/2016   AI/4584 FL0040279 22/12/2016 60.00 22/12/2016 Գրքեր / Books 30 Days Loan


ՀՀ ԳԱԱ հիմնարար գիտական գրադարան
ՀՀ,Երևան 0019
Մարշալ Բաղրամյան 24/6
հեռախոս:(374-10) 52-47-50
Հետադարձ կապ

All site content, except where otherwise noted, is licensed under a
Creative Commons License